000 00868cam a22002054a 4500
005 20250605164016.0
008 250528s ||||||||||||||||||||||||d
035 _a16161
020 _a155040812
040 _aGR-AtMCL
_bgre
_dGR-AtMCL
_eAACR2
245 1 _aCognition
250 _a4th
260 _bHarcourt Brace College Publishers,
_c1994
300 _a572
520 _aIntroduction, Perceptual Processes, Models of Memory, Sensory Memory and Short-Term Memory (Working Memory), Long-Term Memory, Imagery, General Knowledge, Language Comprehension: Listening and Reading, Language Production: Speaking and Writing and Bilingualism, Problem Solving and Creativity, Deductive Reasoning and Decision Making, Cognitive Development, References, Name and Subject Index.
700 1 _aMatlin Margaret W
_92208
942 _cBK
999 _c1697
_d1697